000 00357nam a2200133Ia 4500
008 220217s9999||||xx |||||||||||||| ||und||
020 _a81-7656-066-9
082 _a005.13 KHA
100 _aKhasgiwala, Rajesh
_93633
245 0 _aSecrets of RPG/400
260 _aBPB publications
_bNew Delhi
_c1999
300 _b270
650 _aPROGRAMMING LANGUAGE
999 _c172318
_d172318